[Event "Berlin Spandau op"]
[Site "Berlin"]
[Date "2018.12.27"]
[Round "1"]
[White "Boettcher, Patrick"]
[Black "Knape, Albert"]
[Result "1-0"]
[WhiteElo "2082"]
[BlackElo "1599"]
[PlyCount "49"]
[EventDate "2018.12.27"]
[EventType "swiss"]
[EventRounds "7"]
[EventCountry "GER"]
[SourceTitle "CBM 188 Extra"]
[Source "ChessBase"]
[SourceDate "2019.02.28"]
[SourceVersion "1"]
[SourceVersionDate "2019.02.28"]
[SourceQuality "1"]

1. d4 Nf6 2. c4 e6 3. Nf3 b6 4. a3 Bb7 5. Nc3 d5 6. cxd5 Nxd5 7. Qc2 c5 8. e4 Nf6 9. Bg5 cxd4 10. Rd1 Be7 11. Bb5+ Nfd7 12. Bxe7 Qxe7 13. Nxd4 0-0 14. 0-0 a6 15. Bc4 Rc8 16. Qe2 Nc6 17. Ba2 Na5 18. f4 Qc5 19. Kh1 Nf8 20. Na4 Qc7 21. b4 Nc6 22. Qe3 Nxd4 23. Rxd4 Qc2 24. Bb3 Rc3 25. Qxc3 1-0

[Event "GER-ch U12"]
[Site "Willingen"]
[Date "2015.05.30"]
[Round "11"]
[White "Knape, Albert"]
[Black "Sinnhoefer, Lilian"]
[Result "0-1"]
[WhiteElo "1222"]
[BlackElo "1106"]
[PlyCount "162"]
[EventDate "2015.05.24"]
[EventType "swiss"]
[EventRounds "11"]
[EventCountry "GER"]
[SourceTitle "CBM 166 Extra"]
[Source "ChessBase"]
[SourceDate "2015.06.18"]
[SourceVersion "1"]
[SourceVersionDate "2015.06.18"]
[SourceQuality "1"]

1. e4 e5 2. Nf3 Nc6 3. Bc4 Be7 4. d3 d6 5. h3 Nf6 6. Nc3 Na5 7. Bb3 Nxb3 8. axb3 Bd7 9. Be3 a6 10. 0-0 h6 11. Re1 0-0 12. Qd2 Nh7 13. Nd5 Bg5 14. Nxg5 Nxg5 15. Bxg5 hxg5 16. c4 c6 17. Ne3 g6 18. f3 f5 19. Qe2 f4 20. Ng4 Qb6+ 21. Kh2 Qxb3 22. Red1 Bxg4 23. hxg4 Qb6 24. g3 Kg7 25. Kg2 Rh8 26. Rh1 Qc7 27. gxf4 gxf4 28. Qf2 c5 29. Rh4 g5 30. Rh3 Rxh3 31. Kxh3 Kf6 32. Kg2 Rh8 33. Rh1 Rxh1 34. Kxh1 Qh7+ 35. Kg1 Qh3 36. Qg2 Qxg2+ 37. Kxg2 Ke7 38. Kf2 Kd7 39. Ke2 Kc6 40. Kd2 Kb6 41. Kc3 Ka5 42. Kb3 b5 43. Ka3 bxc4 44. dxc4 Kb6 45. Ka4 Kb7 46. Ka5 Ka7 47. Ka4 Kb6 48. b3 Kb7 49. Ka5 Ka7 50. Ka4 Kb6 51. Ka3 Ka5 52. Kb2 Kb4 53. Kc2 a5 54. Kb2 a4 55. bxa4 Kxa4 56. Ka2 Kb4 57. Kb2 Kxc4 58. Ka3 Kd3 59. Ka4 c4 60. Kb5 c3 61. Kc6 c2 62. Kxd6 Ke3 63. Kxe5 c1Q 64. Kf5 Qc5+ 65. Kg6 Kxf3 66. Kh5 Kxe4 67. Kg6 Qg1 68. Kxg5 f3 69. Kf6 Qxg4 70. Kf7 Qg6+ 71. Kxg6 f2 72. Kf6 f1Q+ 73. Ke6 Qb5 74. Kf6 Qd5 75. Ke7 Qc6 76. Kf7 Qd6 77. Kg7 Qe6 78. Kh8 Qe7 79. Kg8 Kf5 80. Kh8 Kg6 81. Kg8 Qg7# 0-1

[Event "GER-ch U12"]
[Site "Willingen"]
[Date "2015.05.28"]
[Round "8"]
[White "Kublanov, Elizabeth"]
[Black "Knape, Albert"]
[Result "1-0"]
[WhiteElo "1518"]
[BlackElo "1222"]
[PlyCount "38"]
[EventDate "2015.05.24"]
[EventType "swiss"]
[EventRounds "11"]
[EventCountry "GER"]
[SourceTitle "CBM 166 Extra"]
[Source "ChessBase"]
[SourceDate "2015.06.18"]
[SourceVersion "1"]
[SourceVersionDate "2015.06.18"]
[SourceQuality "1"]

1. e4 e5 2. Nf3 d6 3. Bc4 h6 4. c3 Bg4 5. Qb3 Be6 6. Bxe6 fxe6 7. Qxe6+ Ne7 8. d4 exd4 9. cxd4 Nd7 10. 0-0 h5 11. Ng5 Ne5 12. dxe5 Rh6 13. Qf7+ Kd7 14. Nc3 a5 15. Be3 Qe8 16. e6+ Kc6 17. Rfc1 Qxf7 18. Nd5+ Kb5 19. Nxc7+ Ka4 1-0

[Event "GER-chT North U14"]
[Site "Magdeburg"]
[Date "2014.09.13"]
[Round "5.4"]
[White "Knape, Albert"]
[Black "Schnell, Fabian"]
[Result "0-1"]
[WhiteElo "926"]
[BlackElo "951"]
[PlyCount "54"]
[EventDate "2014.09.11"]
[EventType "team-swiss"]
[EventRounds "7"]
[EventCountry "GER"]
[SourceTitle "EXT 2016"]
[Source "ChessBase"]
[SourceDate "2015.10.08"]
[SourceVersion "1"]
[SourceVersionDate "2015.10.08"]
[SourceQuality "1"]
[WhiteTeam "Potsdam Empor"]
[BlackTeam "Luebeck"]
[WhiteTeamCountry "GER"]
[BlackTeamCountry "GER"]

1. e4 e5 2. Nf3 Nc6 3. Bc4 Nf6 4. d3 Bc5 5. Nc3 d6 6. Bg5 Be6 7. Bd5 Qd7 8. Bxf6 gxf6 9. a3 0-0-0 10. Qe2 Nd4 11. Nxd4 exd4 12. Bxe6 fxe6 13. Nb1 d5 14. e5 fxe5 15. Qxe5 Rhg8 16. g3 Rdf8 17. f4 Rf5 18. Qe2 Bd6 19. Qd2 e5 20. Rf1 Qe7 21. Kd1 Qe8 22. Rf2 Rgf8 23. Qa5 exf4 24. gxf4 Bxf4 25. Qxa7 Qh5+ 26. Ke1 Re8+ 27. Kf1 Qh3+ 0-1

[Event "GER-chT North U14"]
[Site "Magdeburg"]
[Date "2014.09.12"]
[Round "3.4"]
[White "Knape, Albert"]
[Black "Wehrhahn, Duncan"]
[Result "1-0"]
[WhiteElo "926"]
[BlackElo "1214"]
[PlyCount "115"]
[EventDate "2014.09.11"]
[EventType "team-swiss"]
[EventRounds "7"]
[EventCountry "GER"]
[SourceTitle "EXT 2016"]
[Source "ChessBase"]
[SourceDate "2015.10.08"]
[SourceVersion "1"]
[SourceVersionDate "2015.10.08"]
[SourceQuality "1"]
[WhiteTeam "Potsdam Empor"]
[BlackTeam "Laatzen"]
[WhiteTeamCountry "GER"]
[BlackTeamCountry "GER"]

1. e4 e5 2. Nf3 Nc6 3. Bc4 Bc5 4. Nc3 Nf6 5. d3 h6 6. h3 0-0 7. Be3 Bxe3 8. fxe3 d6 9. d4 Re8 10. Rf1 exd4 11. exd4 Nxe4 12. Nxe4 Rxe4+ 13. Kf2 Be6 14. Bxe6 Rxe6 15. d5 Rf6 16. dxc6 bxc6 17. Kg1 Rg6 18. Qd3 Qd7 19. Nd2 Rb8 20. Nb3 d5 21. Qf3 Qe7 22. Rae1 Qf8 23. c3 Rf6 24. Qh5 g6 25. Qg4 Rxf1+ 26. Rxf1 a5 27. Rf2 c5 28. Nxa5 Ra8 29. b4 cxb4 30. cxb4 c5 31. Nc6 Ra6 32. Ne5 f5 33. Rxf5 Qxf5 34. bxc5 Qxe5 35. Qc8+ Kf7 36. Qxa6 Qe3+ 37. Kf1 Qxc5 38. Ke2 Qc2+ 39. Kf3 Qf5+ 40. Ke2 Qe4+ 41. Kf1 d4 42. Qa7+ Kf6 43. Qb6+ Kg5 44. Qd8+ Kf5 45. g4+ Kf4 46. Qf6+ Kg3 47. Qf2+ Kxh3 48. Qe2 Qh1+ 49. Kf2 Qg2+ 50. Ke1 Qg1+ 51. Qf1+ Qxf1+ 52. Kxf1 Kxg4 53. a4 d3 54. a5 h5 55. a6 h4 56. a7 d2 57. Ke2 d1Q+ 58. Kxd1 1-0